| 000 | 00890cam a2200349 i 4500 | ||
|---|---|---|---|
| 001 | 0000837 | ||
| 003 | DO-SdBNP | ||
| 005 | 20180213091838.0 | ||
| 007 | 0000837 | ||
| 008 | 100514s 1992 sp a | |||| 000 f spa | ||
| 015 | _a | ||
| 017 |
_a _b |
||
| 020 | _a8434808285 | ||
| 035 | _a | ||
| 040 |
_aBPMSU _bspa _cBPMSU _e |
||
| 080 | _a | ||
| 100 | 1 | _aArmijo, Consuelo | |
| 245 | 1 | 3 |
_aEl Pampinoplas / _h _cConsuelo Armijo ; ilustraciones Antonio Tello |
| 250 | _a19a. ed. | ||
| 260 |
_aMadrid : _bSm, _c1992. |
||
| 300 |
_a93 p.: _bil. _c19 cm. |
||
| 490 | 1 |
_aEl barco de vapor _v5/A 1 |
|
| 490 | 1 | _aAzul | |
| 521 | _aA partir de 7 aƱos. | ||
| 586 | _aPremio Lazarillo, 1974 | ||
| 700 | 1 |
_aTello, Antonio _eil. |
|
| 830 | 0 |
_aEl barco de vapor _n5/A 1 |
|
| 830 | 0 | _aAzul | |
| 942 |
_2ddc _cBK |
||
| 945 | _aInventariado, 2018 / BT | ||
| 956 |
_aYLOCKWARD _810 _cBPMSU |
||
| 999 |
_c12170 _d12170 |
||